Cost control in building design : (Record no. 546197)

000 -LEADER
fixed length control field 00606pam a2200181 a 4500
020 ## - INTERNATIONAL STANDARD BOOK NUMBER
International Standard Book Number 0632040289 (pb)
082 00 - DEWEY DECIMAL CLASSIFICATION NUMBER
Classification number 624.068
Author Mark BRI
-- NUST, P-13
100 1# - MAIN ENTRY--PERSONAL NAME
Personal name Flanagan, Roger.
9 (RLIN) 25831
245 10 - TITLE STATEMENT
Title Cost control in building design :
Remainder of title an interacitve learning text /
Statement of responsibility, etc. Roger Flanagan and Brian Tate.
260 ## - PUBLICATION, DISTRIBUTION, ETC.
Place of publication, distribution, etc. Oxford ;
-- Malden, MA :
Name of publisher, distributor, etc. Blackwell Science,
Date of publication, distribution, etc. 1997.
300 ## - PHYSICAL DESCRIPTION
Extent 322 p. :
Other physical details ill. ;
Dimensions 25 cm.
500 ## - GENERAL NOTE
General note Includes index.
526 ## - STUDY PROGRAM INFORMATION NOTE
Program name 0
Interest level 0
Reading level 0
Title point value 624_068000000000000_BRI
650 #0 - SUBJECT ADDED ENTRY--TOPICAL TERM
Topical term or geographic name entry element Building
General subdivision Cost control.
9 (RLIN) 24737
650 #0 - SUBJECT ADDED ENTRY--TOPICAL TERM
Topical term or geographic name entry element NUST
9 (RLIN) 6342
700 1# - ADDED ENTRY--PERSONAL NAME
Personal name Tate, Brian,
9 (RLIN) 42281
942 ## - ADDED ENTRY ELEMENTS (KOHA)
Source of classification or shelving scheme
Koha item type Book
Holdings
Withdrawn status Lost status Source of classification or shelving scheme Damaged status Not for loan Permanent Location Current Location Date acquired Total Checkouts Full call number Barcode Date last seen Price effective from Koha item type
          Military College of Engineering (MCE) Military College of Engineering (MCE) 06/04/2014   624.068 BRI MCE-43864 06/04/2014 06/04/2014 Book
© 2023 Central Library, National University of Sciences and Technology. All Rights Reserved.